Normal view
MARC view
- Supervisor , Co-supervisor Dr Usman Ali Lec Sufiyan Hafeez Khan
Entry Personal Name
001 - CONTROL NUMBER
- control field: 70981
003 - CONTROL NUMBER IDENTIFIER
- control field: NUST
005 - DATE AND TIME OF LATEST TRANSACTION
- control field: 20210628204557.0
008 - FIXED-LENGTH DATA ELEMENTS
- fixed length control field: 210628|| aca||aabn | a|a d
040 ## - CATALOGING SOURCE
- Original cataloging agency: NUST
- Transcribing agency: NUST
100 ## - HEADING--PERSONAL NAME
- Personal name: Supervisor , Co-supervisor Dr Usman Ali Lec Sufiyan Hafeez Khan
670 ## - SOURCE DATA FOUND
- Source citation: Work cat.: (NUST): Shakaib Nayyar Nasir Iqbal Minhal Hussain 70980, PR-SOF-1590- SPEED CONTROL OF A MOTOR USING VARIABLE FREQUENCY DRIVE (VFD), 2017
